FIFA 18 Top 10 Strikers - Statistics

General Stats
  • This quiz has been taken 1,303 times
  • The average score is 7 of 10
Answer Stats
Rank Player OVA % Correct
1 Luis Suarez 92
93%
2 Robert Lewandowski 91
91%
4 Sergio Agüero 89
82%
9 Harry Kane 86
79%
7 Zlatan Ibrahimovic 88
74%
8 Edinson Cavani 87
68%
5 Antoine Griezmann 88
66%
3 Gonzalo Higuain 90
66%
10 Romelu Lukaku 86
65%
6 Pierre-Emerick Aubameyang 88
57%
No matching quizzes found
Score Distribution
Percent of People with Each Score
Percentile by Number Answered
Your Score History
You have not taken this quiz